000 00616nam a2200217Ia 4500
003 OSt
005 20220928140558.0
006 a|||||r|||| 00| 0
007 ta
008 220927b |||||||| |||| 00| 0 eng d
024 _a9595
037 _cTextual
040 _aSDCL
_cSDCL
_beng
041 _2eng
_aeng
082 _aO-,3L75:g, K4
100 _aSoutham B C
_9496033
245 0 _aJane Austen's literary manuscripts
_b A study of the novelist's development through the surviving papers.
260 _c1964
942 _hO-,3L75:g, K4
_cTEXL
_2CC
999 _c812289
_d812289